Country Flag Decoder - Statistics

General Stats
  • This quiz has been taken 37 times
  • The average score is 14 of 16
Answer Stats
Flag Country % Correct
A Argentina
100%
F Finland
100%
A Armenia
91%
L Laos
91%
L Lithuania
91%
T Thailand
91%
E Ethiopia
88%
L Lebanon
88%
O Oman
88%
Y Yemen
88%
H Haiti
85%
G Gambia
82%
E Eswatini
79%
F Fiji
79%
S Suriname
79%
Alley of the Flags
73%
No matching quizzes found
Score Distribution
Percent of People with Each Score
Percentile by Number Answered
Your Score History
You have not taken this quiz